Gauge theory and gravitation; procedding of the .. (Record no. 50213)
[ view plain ]
| 000 -LEADER | |
|---|---|
| fixed length control field | 00699 a2200241 4500 |
| 020 ## - INTERNATIONAL STANDARD BOOK NUMBER | |
| International Standard Book Number | 3-540-11977-9 |
| 041 ## - LANGUAGE CODE | |
| Language code of text/sound track or separate title | Eng. |
| 082 ## - DEWEY DECIMAL CLASSIFICATION NUMBER | |
| Classification number | 530.15 |
| Item number | In8g |
| 100 ## - MAIN ENTRY--PERSONAL NAME | |
| Personal name | Kyoto, Araki, ed. |
| 9 (RLIN) | 8491 |
| 100 ## - MAIN ENTRY--PERSONAL NAME | |
| Personal name | Munchen, J. Ehlers, ed. |
| 9 (RLIN) | 8492 |
| 100 ## - MAIN ENTRY--PERSONAL NAME | |
| Personal name | Hepp, K., ed. |
| 111 ## - MAIN ENTRY--MEETING NAME | |
| Meeting name or jurisdiction name as entry element | International Symposium on Gauge Theory and Gravitation |
| Location of meeting | Japan |
| Date of meeting or treaty signing | 1982 |
| 245 ## - TITLE STATEMENT | |
| Title | Gauge theory and gravitation; procedding of the .. |
| 260 ## - PUBLICATION, DISTRIBUTION, ETC. | |
| Place of publication, distribution, etc. | Berlin |
| Name of publisher, distributor, etc. | Springer Verlag |
| Date of publication, distribution, etc. | 1983 |
| 300 ## - PHYSICAL DESCRIPTION | |
| Extent | viii, 316p. |
| Other physical details | illus. |
| 440 ## - SERIES STATEMENT/ADDED ENTRY--TITLE | |
| Title | Lecture notes in physics |
| Number of part/section of a work | 176 |
| 650 ## - SUBJECT ADDED ENTRY--TOPICAL TERM | |
| Topical term or geographic name entry element | Gases |
| 650 ## - SUBJECT ADDED ENTRY--TOPICAL TERM | |
| Topical term or geographic name entry element | Gravitation |
| 9 (RLIN) | 8501 |
| 650 ## - SUBJECT ADDED ENTRY--TOPICAL TERM | |
| Topical term or geographic name entry element | Electrodynamics |
| 9 (RLIN) | 8045 |
| 653 ## - INDEX TERM--UNCONTROLLED | |
| Uncontrolled term | Physics |
| 942 ## - ADDED ENTRY ELEMENTS (KOHA) | |
| Source of classification or shelving scheme | Dewey Decimal Classification |
| Koha item type | General Collections |
| 518 ## - DATE/TIME AND PLACE OF AN EVENT NOTE | |
| -- | 20100105 |
| Withdrawn status | Lost status | Source of classification or shelving scheme | Damaged status | Not for loan | Home library | Current library | Date acquired | Total Checkouts | Full call number | Barcode | Date last seen | Price effective from | Koha item type |
|---|---|---|---|---|---|---|---|---|---|---|---|---|---|
| Dewey Decimal Classification | Tribhuvan University Central Library | Tribhuvan University Central Library | 01/05/2011 | 530.15 In8g | 89331 | 01/05/2011 | 01/05/2011 | General Collections | |||||
| Dewey Decimal Classification | Tribhuvan University Central Library | Tribhuvan University Central Library | 01/05/2011 | 530.15 In8g | 91491 | 01/05/2011 | 01/05/2011 | General Collections |
